| Registos Bibliográficos associados ao registo de autoridade |
|
Etiqueta de registo: 00254nam 2200025 450 001 2288618 003 http://id.bnportugal.gov.pt/bib/catbnp/2288618 100 ## $a20260623d2025 k y0pory01030103ba 101 0# $apor$deng 102 ## $aPT 105 ## $aa m 001yy 106 ## $ar 200 1# $aCarpe diem, Housini is not dead$efragmentação, performatividade e memória no movimento entre as imagens do quotidiano$fMiguel Novais Jasmins Rodrigues$gorient. Susana de sousa Dias de Macedo, Eduardo Manuel Dias de Brito-Henriques 210 #9 $aLisboa$c[s.n.],$d2025 215 ## $a[10], 248, 56 p.$cil$d30 cm 328 #1 $aTese dout. Belas-Artes (Arte Multimédia), Faculdade de Belas-Artes da Universidade
de Lisboa, 2025 700 #1 $aRodrigues,$bMiguel Novais Jasmins$32001415 702 #1 $aMacedo,$bSusana de Sousa Dias de$4727$31271328 702 #1 $aHenriques,$bEduardo Brito,$f1969-$4727$3169982 801 #0 $aPT$bBN$gRPC 966 ## $lBN$mFGMON$x1 971 ## $cisantos$d20260623
|
|
|